000 01438nam0a2200337 4500
001 RU\NLR\bibl\971780
005 20250614211747.0
021 _aRU
_b2006-32843
_91641
035 _a(nilc)RSL-KNO-002893913
035 _a(NLR Aleph) 000959735
090 _a331830
_c331831
100 _a20060530d2006 |||y0rusy50 ca
101 0 _arus
102 _aRU
105 _ay |||||||||
106 _ar
200 1 _aСудьба
_eсудьба одного человека - явление, судьба народа - история
_fР. А. Нугаев
210 _aКазань
_cИзд-во Казан. ун-та
_d2006
_eКазань
_gИзд-во Казан. гос. ун-та
215 _a116, [2] с.
_cил., факс., портр., цв. ил.
_d21
600 1 _aНугаев
_bР.А.
_f1927
_gРашид Алимжанович
_jВоспоминания, записки и т.п.
_92474397
_3RU\NLR\auth\661469332
610 0 _aЭкономика -- Персоналия -- Российская Федерация -- Нугаев, Рашид Алимжанович, р.1927
686 _aУ.д(2)Нугаев,Р.А.
_2rubbk
686 _aЧ488.755.4(2)7-8Нугаев
700 1 _aНугаев
_bР. А.
_gРашид Алимжанович
_4070
801 0 _aRU
_bРКП
_c20060530
_grcr
801 1 _aRU
_bРГБ
_c20060530
801 2 _aRU
_bNLR
_c20060802
_grcr
942 _cBOOK
980 _aNB
980 _aNBR